000 00527nam a2200181 i 4500
001 25998
003 ES-MaACL
005 20250812044639.0
007 t|
008 030107s1957 sp ||||1| spa d
245 0 0 _aArte sacro...
_b: anuario 1957 /
_c[director, J. Ferrando Roig].
260 _aBarcelona :
_bAymá,
_c1957.
300 _a106 p., 5 lám. col. :
_bil. ;
_c24 cm.
650 7 _aArte religioso
_2embne
_910281
700 1 _aFerrando Roig, Juan.
_950292
852 _aES-MaACL
_jC-21375
999 _c25998
_d25998